| 000 | 00673 a2200205 4500 | ||
|---|---|---|---|
| 003 | UA-OsUOA | ||
| 005 | 20260506122047.0 | ||
| 008 | 260506b un ||||| |||| 00| 0 ukr d | ||
| 040 |
_aUA-OsUOA _beng _cUA-OsUOA _dUA-OsUOA |
||
| 041 | _aeng | ||
| 080 | _a101/14 | ||
| 090 |
_a101/14 _bE75 |
||
| 245 |
_aEssential Works of David Hume _cedited and with an introduction by Ralph Cohen |
||
| 260 |
_bBantam Books _c1965 _aNew York ; _aToronto ; _aLondon |
||
| 300 | _a564 p. | ||
| 650 |
_2UDC _a101 Сутність і роль філософії _916178 |
||
| 942 |
_cBK _2udc |
||
| 955 | _a1 | ||
| 999 |
_c580654 _d580654 |
||